Statistics for Tottenham Hotspur Squad 2018-19

Click here to take the quiz!

General Stats

  • This quiz has been taken 50 times
  • The average score is 20 of 29

Answer Stats

NumberPositionNationalityPlayer% Correct
1GKFranceHugo Lloris
98%
10FEnglandHarry Kane
93%
7FSouth KoreaSon Heung-Min
90%
5DBelgiumJan Vertonghen
88%
15DEnglandEric Dier
86%
4DBelgiumToby Alderweireld
86%
23MDenmarkChristian Eriksen
83%
12MKenyaVictor Wanyama
83%
11FArgentinaErik Lamela
81%
2DEnglandKieran Trippier
81%
6MColombiaDavinson Sánchez
79%
20MEnglandDele Alli
79%
3MEnglandDanny Rose
76%
33MWalesBen Davies
74%
17MFranceMoussa Sissoko
74%
27MBrazilLucas Moura
71%
8MEnglandHarry Winks
69%
19FBelgiumMousa Dembélé
69%
13GKNetherlandsMichel Vorm
67%
18FSpainFernando Llorente
64%
24MCote d'IvoireSerge Aurier
57%
22GKArgentinaPaolo Gazzaniga
55%
9FNetherlandsVincent Janssen
50%
21DArgentinaJuan Foyth
48%
16DEnglandKyle Walker-Peters
43%
14MFranceGeorges-Kévin Nkoudou
40%
52MEnglandOliver Skipp
38%
41GKEnglandAlfie Whiteman
26%
40MEnglandLuke Amos
19%

Score Distribution

Percentile by Number Answered

Percent of People with Each Score

Your Score History

You have not taken this quiz